000
00510nam a2200181Ia 4500
008
090123s9999 xx 000 0 und d
082
_b
41617
100
_a
मंगेशकर गीता
245
_a
सुगंध
250
_a
1
260
_b
सायली प्रकाशन पुने
_c
207
300
_a
256
600
_a
मंगेशकर गीता
630
_a
सुगंध
700
_a
मंगेशकर गीता
730
_a
सुगंध
942
_c
BOOK
999
_c
79695
_d
79695